Badly Drawn Holidays Quiz Stats

 Plays Quiz Updated Dec 28, 2017

Also try: Badly Drawn Fruits
Challenge
Share
Tweet
Score 0/10 Timer 03:00
10 Plays Today
% Correct
Valentine's Day
99.2%
Christmas
96.6%
Thanksgiving
94.7%
New Year's Day & New Year's Eve
94.6%
Halloween
94.1%
Easter
94.1%
St. Patrick's Day
94%
US Independence Day
93.5%
Earth Day or Arbor Day
88.4%
International Talk Like a Pirate Day
47.6%

You're not logged in!

Compare scores with friends on all Sporcle quizzes.
OR
Log In

You Might Also Like...

Show Comments

Extras

Top Quizzes Today


Score Distribution

Your Account Isn't Verified!

In order to create a playlist on Sporcle, you need to verify the email address you used during registration. Go to your Sporcle Settings to finish the process.

Report this User

Report this user for behavior that violates our Community Guidelines.

Details: